书目信息 |
| 题名: |
可编程逻辑器件与VHDL设计
|
|
| 作者: | 靳鸿 主编 | |
| 分册: | ||
| 出版信息: | 北京 电子工业出版社 2017.3 |
|
| 页数: | 173页 | |
| 开本: | 26cm | |
| 丛书名: | ||
| 单 册: | ||
| 中图分类: | TP332.1 | |
| 科图分类: | ||
| 主题词: | 可编程序逻辑阵列--高等学校--教材 , 硬件描述语言--程序设计--高等学校--教材 | |
| 电子资源: | ||
| ISBN: | 978-7-121-30775-1 | |
| 000 | 00925nam0 2200265 450 | |
| 001 | 0400002238 | |
| 005 | 20171020143733.0 | |
| 010 | @a978-7-121-30775-1@dCNY45.00 | |
| 100 | @a20170905d2017 em y0chiy50 ea | |
| 101 | 0 | @achi |
| 102 | @aCN@b110000 | |
| 105 | @aa z 000yy | |
| 106 | @ar | |
| 200 | 1 | @a可编程逻辑器件与VHDL设计@9ke bian cheng luo ji qi jian yu VHDL she ji@f靳鸿主编 |
| 210 | @a北京@c电子工业出版社@d2017.3 | |
| 215 | @a173页@c图@d26cm | |
| 300 | @a全国高等院校仪器仪表及自动化类“十三五”规划教材 | |
| 330 | @a全书共11章,内容包括:测试系统控制模块设计的基础理论,VHDL语言的基础理论,各控制模块的VHDL设计与实现方法及数字电路中常见的设计方法。 | |
| 606 | 0 | @a可编程序逻辑阵列@x高等学校@j教材 |
| 606 | 0 | @a硬件描述语言@x程序设计@x高等学校@j教材 |
| 610 | 0 | @aVHDL |
| 690 | @aTP332.1@v5 | |
| 701 | 0 | @a靳鸿@9jin hong@4主编 |
| 801 | 0 | @aCN@b91MARC@c20171020 |
| 905 | @b1031810-4@dTP332.1@f5@e161 | |
| 可编程逻辑器件与VHDL设计/靳鸿主编.-北京:电子工业出版社,2017.3 |
| 173页:图;26cm |
| 全国高等院校仪器仪表及自动化类“十三五”规划教材 |
| ISBN 978-7-121-30775-1:CNY45.00 |
| 全书共11章,内容包括:测试系统控制模块设计的基础理论,VHDL语言的基础理论,各控制模块的VHDL设计与实现方法及数字电路中常见的设计方法。 |
| ● |
| 相关链接 |
|
|
|
|
正题名:可编程逻辑器件与VHDL设计
索取号:TP332.1/161
 
预约/预借
| 序号 | 登录号 | 条形码 | 馆藏地/架位号 | 状态 | 备注 |
| 1 | 1031810 | 210318100 | 第二样本阅览室/ [索取号:TP332.1/161] | 在馆 | |
| 2 | 1031811 | 210318119 | 第三借阅区/ [索取号:TP332.1/161] | 在馆 | |
| 3 | 1031812 | 210318128 | 第三借阅区/ [索取号:TP332.1/161] | 在馆 | |
| 4 | 1031813 | 210318137 | 密集书库—计算机科学学院/ [索取号:TP332.1/161] | 在馆 | |
| 5 | 1031814 | 210318146 | 第三借阅区/ [索取号:TP332.1/161] | 在馆 |